000 00700nam a2200241Ia 4500
003 OSt
005 20220925235342.0
006 a|||||r|||| 00| 0
007 ta
008 220923b |||||||| |||| 00| 0 eng d
020 _a8189524038
_c25
037 _b879, 12/03/2013, Pranami Book Service
_cGeneral Book
040 _aRTL
_cRTL
_beng
041 _2eng
_aeng
082 _aY73(Q4), P5
100 _aALOYSIUS G
_914271
245 0 _aPeriyar on Buddhism.
260 _a New Delhi
_bCritical Quest
_c2005
300 _a32p.
_ccm.
650 _aSociology
942 _hY73(Q4), P5
_cGB
_2CC
999 _c597229
_d597229